[Event "ROM-ch U12 Girls"]
[Site "Calimanesti"]
[Date "2015.04.02"]
[Round "5"]
[White "Iarca, Irina Maria"]
[Black "Stan, Andreea Loredana"]
[Result "0-1"]
[WhiteElo "1106"]
[BlackElo "1398"]
[PlyCount "76"]
[EventDate "2015.03.30"]
[EventType "swiss"]
[EventRounds "9"]
[EventCountry "ROU"]
[SourceTitle "CBM 165 Extra"]
[Source "ChessBase"]
[SourceDate "2015.04.21"]
[SourceVersion "1"]
[SourceVersionDate "2015.04.21"]
[SourceQuality "1"]

1. e4 d5 2. exd5 Qxd5 3. Nc3 Qa5 4. d4 c6 5. Be3 Nf6 6. Bd3 Bg4 7. f3 Bh5 8. Nge2 Nd5 9. Bd2 Nxc3 10. Bxc3 Qc7 11. 0-0 e6 12. Ng3 Bg6 13. Qd2 Bxd3 14. cxd3 Bd6 15. Qf2 Nd7 16. d5 cxd5 17. Bxg7 Rg8 18. Rfc1 Qb8 19. Nh5 Bxh2+ 20. Kh1 Be5 21. Bxe5 Qxe5 22. Rc2 Qxh5+ 23. Kg1 Ke7 24. Rc7 Qe5 25. Rxb7 Rab8 26. Qxa7 Rxb7 27. Qxb7 Qe3+ 28. Kf1 Qxd3+ 29. Kg1 Qd2 30. g4 Qe3+ 31. Kg2 Qd2+ 32. Kg3 h5 33. a4 h4+ 34. Kh3 Qf2 35. Qb4+ Ke8 36. Qf4 e5 37. Qh2 Qxf3+ 38. Qg3 Qxg3# 0-1